| 000 | 00745cam a22002534a 4500 | ||
|---|---|---|---|
| 001 | 37961 | ||
| 003 | (BD-RjUL) | ||
| 005 | 20211209052709.0 | ||
| 008 | 050502s2006 njua 001 0 eng | ||
| 020 | _a9788120330214 | ||
| 020 | _a8120330218 | ||
| 035 | _a(BD-RjUL) | ||
| 040 |
_aDLC _c(BD-RjUL) _dDLC |
||
| 082 | 0 | 0 |
_a621.395 _222 _bWAD 2006 |
| 100 | 1 |
_aWakerly, John F. _9117593 |
|
| 245 | 1 | 0 |
_aDigital design : _bprinciples and practices / _cJohn F. Wakerly. |
| 250 | _a4th ed. | ||
| 260 |
_aNew Delhi,India : _bPrentice Hall, _cc2006. |
||
| 300 |
_axxi, 895 p. : _bill. ; _c24 cm. |
||
| 500 | _aIncludes index. | ||
| 650 | 0 |
_aDigital integrated circuits _xDesign and construction. _9117594 |
|
| 942 |
_2ddc _cBK |
||
| 999 |
_c37961 _d37961 |
||